• 首页
  • 本馆介绍
  • 公告通知
  • 最新文献
  • 馆藏检索
  • 电子资源
  • 读者导购
  • 参考咨询
  • 我的图书馆
  • 登录
  • 详细信息显示
  • 放入我的书架
  • 预约/预借图书
  • 作者相关作品
  • 分类相关作品
  • 丛书相关作品
  • 出版社相关作品

书目信息

  • 表格格式
  • 工作单格式
  • 卡片格式
题名:
奋进的坐标
    
 
作者: ;中国石油天然气集团公司人事部 编
分册:  
出版信息: 北京   石油工业出版社  2017.9
页数: 371页
开本: 24cm
丛书名:
单 册:
中图分类: D267.1
科图分类:
主题词: 中国共产党--中国石油天然气集团公司--党的建设--案例
电子资源:
ISBN: 978-7-5183-2153-7
000 01079nam0 2200229 45
001 012001003834
005 20140926114739.0
010    @a978-7-5183-2153-7@dCNY68.00
100    @a20171004d2017 em y0chiy0110 ea
101 0  @achi
102    @aCN@b110000
105    @ay z 000yy
106    @ar
200 1  @a奋进的坐标@9fen jin de zuo biao@f中国石油天然气集团公司人事部编
210    @a北京@c石油工业出版社@d2017.9
215    @a371页@d24cm
330    @a全书本书共收纳中国石油天然气集团公司基层党建工作案例110篇,分四个部分,从制度建设到先进人物,从廉政建设到支部建设,充分体现了全面加强党的建设向基层延伸的新思路,推动基层党建工作达到了新水平;既有网上党校又有党员评星,既有传统升华又有实践创新,涵盖了基层加强党建工作的新形式、新方法,诠释了丰富的时代内容和思想内涵,具有重大的政治意义、理论意义和实践意义。
606 0  @a中国共产党@y中国石油天然气集团公司@x党的建设@x案例
690    @aD267.1@v5
711 02 @a中国石油天然气集团公司人事部@9zhong guo shi you tian ran qi ji tuan gong si ren shi bu@4编
801  0 @aCN@b上海新华@c20180901
905    @b1154918-22@dD267.1@e285@f5
    
    奋进的坐标/中国石油天然气集团公司人事部编.-北京:石油工业出版社,2017.9
    371页;24cm
    
    
    ISBN 978-7-5183-2153-7:CNY68.00
    全书本书共收纳中国石油天然气集团公司基层党建工作案例110篇,分四个部分,从制度建设到先进人物,从廉政建设到支部建设,充分体现了全面加强党的建设向基层延伸的新思路,推动基层党建工作达到了新水平;既有网上党校又有党员评星,既有传统升华又有实践创新,涵盖了基层加强党建工作的新形式、新方法,诠释了丰富的时代内容和思想内涵,具有重大的政治意义、理论意义和实践意义。
●
相关链接 在E读中查询图书 在五车中查询图书 在当当中查询图书 在豆瓣中查询图书


正题名:奋进的坐标     索取号:D267.1/285         预约/预借

序号 登录号 条形码 馆藏地/架位号 状态 备注
1 1154918   211549181   密集书库-史法系/ [索取号:D267.1/285] 在馆    
2 1154919   211549190   第一样本阅览室/ [索取号:D267.1/285] 在馆    
3 1154920   211549207   第一借阅区/ [索取号:D267.1/285] 在馆    
4 1154921   211549216   第一借阅区/ [索取号:D267.1/285] 在馆    
5 1154922   211549225   第一借阅区/ [索取号:D267.1/285] 在馆    
唐山师范学院图书馆 欢迎您!
大连网信软件有限公司© 版权所有